| 000 | 00394nam a22001217a 4500 | ||
|---|---|---|---|
| 999 |
_c18466 _d18466 |
||
| 008 | 200812b xxu||||| |||| 00| 0 eng d | ||
| 020 | _a0071411714 | ||
| 050 |
_aTH9705 _b.B85 2004 c.1 |
||
| 245 |
_aBuilding Security _bHandbook for architectural planning and design _cEdited by Barbara A. Nadel |
||
| 260 |
_aNew York _bMcGrawHill _c2004 |
||
| 300 | _a3 Vol. (various paging) | ||
| 942 |
_2lcc _cBK |
||